MARC

LEADER 00000nam0a2200000 4500
001 68752
005 20231101212413.0
010 |a 5895032079 
035 |a (RuTPU)RU\TPU\book\73215 
090 |a 68752 
100 |a 20041008d2004 m y0rusy50 ca 
101 0 |a rus 
102 |a RU 
105 |a ab z 001zb 
200 1 |a Потанин, последний энциклопедист Сибири. Опыт осмысления личности  |f А. М. Сагалаев, В. М. Крюков 
210 |a Томск  |c Изд-во НТЛ  |d 2004 
215 |a 208 с.  |c ил. 
320 |a Библиогр.: с. 204. 
600 1 |a Потанин  |b Г. Н.  |c русский естествоиспытатель  |c путешественник  |f 1835-1920  |g Григорий Николаевич  |2 stltpush  |3 (RuTPU)RU\TPU\pers\11248  |9 2489 
607 |a Россия 
607 |a Сибирь 
607 |a Томск 
610 1 |a история 
610 1 |a 19 век 
610 1 |a ученые 
610 1 |a 20 век 
686 |a Т3(253.3-4Том)  |v LBC/SL-A  |2 rubbk 
700 1 |a Сагалаев  |b А. М.  |g Андрей Маркович 
701 1 |a Крюков  |b В. М.  |c писатель, поэт  |f 1949-  |g Владимир Михайлович  |2 stltpush  |3 (RuTPU)RU\TPU\pers\45666 
801 1 |a RU  |b 63413507  |c 20041008  |g PSBO 
801 2 |a RU  |b 63413507  |c 20200113  |g PSBO 
942 |c BK